Александр Федорович Гедике.. (Запись № 5541727)

Подробности
000 -МАРКЕР
контрольное поле 01394nam0a22003131 4500
001 - ИДЕНТИФИКАТОР ЗАПИСИ
контрольное поле rc\2565967
005 - ИДЕНТИФИКАТОР ВЕРСИИ
контрольное поле 20250623110541.0
035 ## - ДРУГИЕ СИСТЕМНЫЕ НОМЕРА
Идентификатор записи (NLR Aleph) 006730788
100 ## - ДАННЫЕ ОБЩЕЙ ОБРАБОТКИ
Данные общей обработки 20110914d1927 |||y0rusy50 ca
101 0# - ЯЗЫК РЕСУРСА
Язык текста, звукозаписи и т.д. русский
102 ## - СТРАНА ПУБЛИКАЦИИ ИЛИ ПРОИЗВОДСТВА
Страна публикации российская федерация
105 ## - ПОЛЕ КОДИРОВАННЫХ ДАННЫХ: ТЕКСТОВЫЕ МАТЕРИАЛЫ, МОНОГРАФИЧЕСКИЕ
Кодированные данные о монографическом текстовом документе c z |||||
200 1# - ЗАГЛАВИЕ И СВЕДЕНИЯ ОБ ОТВЕТСТВЕННОСТИ
Основное заглавие Александр Федорович Гедике..
Первые сведения об ответственности Вас. Яковлев
Последующие сведения об ответственности Deutsch von Bruno Prochaska
210 ## - ПУБЛИКАЦИЯ, РАСПРОСТРАНЕНИЕ И ДР.
Место издания, распространения и т.д. Москва
Имя издателя, распространителя и т. д. Музыкальный сектор
-- Гос. изд-во
Дата издания, распространения и т.д. 1927
Имя изготовителя нотопечатня ГИЗа
215 ## - ФИЗИЧЕСКАЯ ХАРАКТЕРИСТИКА
Специфическое обозначение материала и объем 35 с.
Другие сведения о физической характеристике портр.
Размеры 18х14 см.
225 1# - СЕРИЯ
Основное заглавие серии Биографии современных русских композиторов...
300 ## - ОБЩИЕ ПРИМЕЧАНИЯ
Текст примечания Загл. обл.: А. Гедике...
300 ## - ОБЩИЕ ПРИМЕЧАНИЯ
Текст примечания Обложка: I. R. [И. Рерберг]
300 ## - ОБЩИЕ ПРИМЕЧАНИЯ
Текст примечания Тит. лист, обложка и текст параллельные - на рус. и нем. яз.
320 ## - ПРИМЕЧАНИЯ О НАЛИЧИИ В ДОКУМЕНТЕ БИБЛИОГРАФИИ / УКАЗАТЕЛЯ
Текст примечания Нотография: "Сочинения А. Ф. Гедике" (на 4 страницах)
512 0# - ЗАГЛАВИЕ ОБЛОЖКИ
Заглавие обложки А. Гедике...
700 #1 - ИМЯ ЛИЦА - ПЕРВИЧНАЯ ОТВЕТСТВЕННОСТЬ
Графика поля Кириллица
Материалы, к которым относится поле rus
Начальный элемент ввода Яковлев
Часть имени, кроме начального элемента ввода В. В.
Дополнения к именам, кроме дат д-р искусствоведения, музыковед
Даты 1880-1957
Расширение инициалов личного имени Василий Васильевич
Системный номер авторитетной/нормативной записи 219688
Идентификатор авторитетной/нормативной записи RU\NLR\AUTH\770219744
801 #0 - ИСТОЧНИК ЗАПИСИ
Страна российская федерация
Организация NLR
Правила каталогизации psbo
801 #1 - ИСТОЧНИК ЗАПИСИ
Страна российская федерация
Организация ELAR
Источник данных rusmarc
852 ## - МЕСТОНАХОЖДЕНИЕ И ШИФР ХРАНЕНИЯ
Идентификатор организации NLR
Шифр хранения (Call Number) 62/266
942 ## - ДОПОЛНИТЕЛЬНЫЕ ЭЛЕМЕНТЫ ЗАПИСИ (АБИС)
Тип экземпляра АБИС Книга
980 ## - КОЛЛЕКЦИЯ
Название коллекции Национальная библиография
Экземпляры
Тип экземпляра Дата поступления Библиотека постоянного хранения Библиотека текущего хранения Место хранения Шифр хранения Штрих-код Статус не для выдачи
Книга 26.10.2013 РНБ (Садовая) РНБ (Садовая) Русский книжный фонд -Главное здание, Ленинский читальный зал 62/266 6730788-10